000 00455nam a2200181Ia 4500
001 8917
005 20260306160645.0
008 260306t2016||||xx |||||||||||||| ||spa||
041 _aESP
082 _a371.9144
_bI23
100 _aIbáñez Solar, Juan José
_eAUT
245 0 _aDislexia:
_btratamiento completo basado en imágenes
260 _c2016
300 _a191 páginas :
_c28 cm.
650 _aGEN
654 _aCED
942 _cLIB
_dJUS
_fJUS
_2ddc
_n
999 _c8917
_d8917